000 00638nam a22002297a 4500
003 OSt
005 20140310182224.0
008 130910t xxu||||| |||| 00| 0 eng d
020 _a0553482011
020 _a07678300350
050 _aPZ 7
_b.Su968s97 1996
082 _aFIC
_bSu9sv #97
100 _aSuzanne, Jamie
_94455
245 _aToo scared to sleep /
_cwritten by Jamie Suzanne.; created by Francine Pascal.
260 _aNew York :
_bBantam Books,
_c1996.
300 _a137 p. ;
_c20 cm.
440 _aSweet Valley Twins
_n#97
_917567
650 _aFiction
_9746
942 _2lcc
_cFIC
999 _c10753
_d10753